| 000 | 00322nam a2200121Ia 4500 | ||
|---|---|---|---|
| 005 | 20251222144710.0 | ||
| 008 | 251222s9999||||xx |||||||||||||| ||spa|| | ||
| 082 | _a152.46/M84 | ||
| 100 | _aMontgomery, Stuat A. | ||
| 245 | 0 | _aManual de transtorno de ansiedad generalizada | |
| 264 | _bCurrent Medicine Group | ||
| 942 | _cLIB | ||
| 999 |
_c17789 _d17789 |
||